Una luz en la marisma / (Record no. 24448)
[ view plain ]
| 000 -LEADER | |
|---|---|
| fixed length control field | 00604cam a2200229Ia 4500 |
| 001 - CONTROL NUMBER | |
| control field | sjds31881003 |
| 003 - CONTROL NUMBER IDENTIFIER | |
| control field | sjds |
| 005 - DATE AND TIME OF LATEST TRANSACTION | |
| control field | 20200311201921.0 |
| 008 - FIXED-LENGTH DATA ELEMENTS--GENERAL INFORMATION | |
| fixed length control field | 950125s1994 sp 000 1 spa d |
| 020 ## - INTERNATIONAL STANDARD BOOK NUMBER | |
| International Standard Book Number | 8420448060 (pbk.) |
| 020 ## - INTERNATIONAL STANDARD BOOK NUMBER | |
| International Standard Book Number | 9788420448060 (pbk.) |
| 040 ## - CATALOGING SOURCE | |
| Original cataloging agency | CS1 |
| Transcribing agency | CS1 |
| Modifying agency | I5B |
| -- | PL# |
| -- | CSP |
| 041 ## - LANGUAGE CODE | |
| Language code of text/sound track or separate title | spa |
| 100 1# - MAIN ENTRY--PERSONAL NAME | |
| Personal name | Alfaya, Javier. |
| 245 14 - TITLE STATEMENT | |
| Title | Una luz en la marisma / |
| Statement of responsibility, etc. | Javier Alfaya. |
| 250 ## - EDITION STATEMENT | |
| Edition statement | 1. ed. |
| 260 ## - PUBLICATION, DISTRIBUTION, ETC. (IMPRINT) | |
| Place of publication, distribution, etc. | Madrid : |
| Name of publisher, distributor, etc. | Alfaguara, |
| Date of publication, distribution, etc. | c1994. |
| 300 ## - PHYSICAL DESCRIPTION | |
| Extent | 123 p. ; |
| Dimensions | 22 cm. |
| 655 #7 - INDEX TERM--GENRE/FORM | |
| Genre/form data or focus term | Mystery fiction. |
| Source of term | gsafd. |
| 655 #7 - INDEX TERM--GENRE/FORM | |
| Genre/form data or focus term | Young adult fiction. |
| Source of term | lcgft. |
| 942 ## - ADDED ENTRY ELEMENTS (KOHA) | |
| Koha item type | Libro/Book |
No items available.